| 000 | 00858cam a22002174a 4500 | ||
|---|---|---|---|
| 005 | 20250605164251.0 | ||
| 008 | 250528s ||||||||||||||||||||||||d | ||
| 035 | _a21733 | ||
| 020 | _a9780321189233 | ||
| 040 |
_aGR-AtMCL _bgre _dGR-AtMCL _eAACR2 |
||
| 245 | 1 | _aCALCULUS AND ITS APLLICATIONS | |
| 250 | _a8 | ||
| 260 |
_bPearson, _c2004 |
||
| 300 | _a566 | ||
| 505 | 0 | _aFUNCTIONS, GRAPHS AND MODELS DIFFERENTIATION APPLICATIONS OF DIFFERENTIATION EXPONENTIAL AND LOGARITHMIC FUNCTIONS INTEGRATION APPLICATIONS OF INTEGRATION FUNCTIONS OF SEVERAL VARIABLES | |
| 520 | _aFUNCTIONS, GRAPHS AND MODELS DIFFERENTIATION APPLICATIONS OF DIFFERENTIATION EXPONENTIAL AND LOGARITHMIC FUNCTIONS INTEGRATION APPLICATIONS OF INTEGRATION FUNCTIONS OF SEVERAL VARIABLES | ||
| 700 | 1 |
_aBittinger Marvin L. _94765 |
|
| 942 | _cBK | ||
| 999 |
_c6792 _d6792 |
||